All Tyler, The Creator Songs (July 2025) - Statistics

General Stats
  • This quiz has been taken 16 times
  • The average score is 50 of 219
Answer Stats
Hint Answer % Correct
Go (Gas) (with Domo Genesis, Wiz Khalifa & Juicy J)
88%
GONE, GONE / THANK YOU
88%
P (with Odd Future & Hodgy)
88%
ARE WE STILL FRIENDS?
75%
CHERRY BOMB
75%
EARFQUAKE
75%
2011 Goblin
75%
2019 IGOR'S THEME
75%
NEW MAGIC WAND
75%
See You Again (feat. Kali Uchis)
75%
She (feat. Frank Ocean)
75%
2013 WOLF
75%
911 / Mr. Lonely (feat. Frank Ocean & Steve Lacy)
63%
A BOY IS A GUN*
63%
2009 Bastard
63%
Her
63%
I DON'T LOVE YOU ANYMORE
63%
PUPPET
63%
Tamale
63%
48
50%
BOYFRIEND
50%
EXACTLY WHAT YOU RUN FROM YOU END UP CHASING
50%
Glitter
50%
I THINK
50%
Pigs
50%
RUN (feat. Chaz Bundick & ScHoolboy Q)
50%
Sugar On My Tongue
50%
Yonkers
50%
Answer
38%
Balloon (feat. Doechii)
38%
Domo
38%
Golden
38%
Hey Jane
38%
IFHY
38%
IFHY (feat. Pharell Williams)
38%
I Killed You
38%
Judge Judy
38%
JUGGERNAUT (feat. Lil Uzi Vert & Pharrell Williams)
38%
LEMONHEAD (feat. 42 Dugg)
38%
Like Him (feat. Lola Young)
38%
Lone
38%
MASSA
38%
Noid
38%
Odd Toddlers (feat. Casey Veggies)
38%
Pigs Fly (feat. Domo Genesis)
38%
Rah Tah Tah
38%
RUNNING OUT OF TIME
38%
Sandwitches
38%
Sandwitches (feat. Hodgy)
38%
Sarah
38%
Seven
38%
Take Your Mask Off (feat. Daniel Caesar & LaToiya Williams)
38%
Transylvania
38%
Tron Cat
38%
VCR / Wheels
38%
WHAT'S GOOD
38%
Where This Flower Blooms (feat. Frank Ocean)
38%
2SEATER (feat. Aaron Shaw, Samantha Nelson & Austin Feinstein)
25%
Analog (feat. Hodgy)
25%
AssMilk (feat. Earl Sweatshirt)
25%
AU79
25%
Awkward
25%
2025 Big Poe (feat. Pharrell Williams)
25%
Bitch Suck Dick
25%
Bitch Suck Dick (feat. Jasper Dolphin & Taco)
25%
Blow
25%
BUFFALO (feat. Shane Powers)
25%
Burger
25%
Burger (feat. Hodgy)
25%
CORSO
25%
Cowboy
25%
Darling, I (feat. Teezo Touchdown)
25%
2015 DEATHCAMP (feat. Cole Alexander)
25%
DOGTOOTH
25%
Domo23
25%
Droppin' Seeds (feat. Lil Wayne)
25%
Enjoy Right Now, Today
25%
FIND YOUR WINGS (feat. Roy Ayers, Syd & Kali Uchis)
25%
Fish
25%
French
25%
French! (feat. Hodgy)
25%
FUCKING YOUNG / PERFECT (feat. Charlie Wilson, Chaz Bundick, Syd & Kali Uchis)
25%
Garden Shed (feat. Estelle)
25%
HOT WIND BLOWS (feat. Lil Wayne)
25%
I Am the Grinch (feat. Fletcher Jones)
25%
I Hope You Find Your Way Home
25%
I'll Take Care Of You (feat. Yebba)
25%
Inglorious
25%
Jamba
25%
Jamba (feat. Hodgy)
25%
Mother
25%
Nightmare
25%
November
25%
O.K. (with Mac Miller)
25%
PartyIsntOver/Campfire/Bimmer (feat. Frank Ocean & Laetitia Sadier)
25%
Peach Fuzz
25%
Radicals
25%
Ring Ring Ring
25%
SAFARI
25%
SMUCKERS (feat. Lil Wayne & Kanye West)
25%
2024 St. Chroma (feat. Daniel Caesar)
25%
Steak Sauce
25%
Sticky (feat. GloRilla, Sexyy Red & Lil Wayne)
25%
Stop Playing With Me
25%
SWEET / I THOUGHT YOU WANTED TO DANCE (feat. Brent Faiyaz & Fana Hues)
25%
Tina (feat. Jasper Dolphin & Taco)
25%
Treehome95 (feat. Erykah Badu & Coco O.)
25%
Untitled 63
25%
Window (feat. Domo Genesis, Frank Ocean, Hodgy & Mike G)
25%
WUSYANAME (feat. YoungBoy Never Broke Again & Ty Dolla $ign)
25%
You're A Mean One, Mr. Grinch
25%
435
13%
2020 BEST INTEREST
13%
Big Bag
13%
Bimmer
13%
BLESSED
13%
BLOW MY LOAD (feat. Wanya Morris, DāM-FunK, Austin Feinstein & Syd)
13%
Boredom (feat. Rex Orange County & Anna of the North)
13%
BOYFRIEND, GIRLFRIEND - 2020 Demo (feat. YG)
13%
2022 Cash In Cash Out (with Pharrell Williams & 21 Savage)
13%
Cindy Lou's Wish
13%
Colossus
13%
Dick Banana Hat Interlude
13%
Don't Tap That Glass / Tweakin'
13%
Don't You Worry Baby (feat. Madison McFerrin)
13%
Down Bad
13%
2023 EVERYTHING MUST GO
13%
2017 Foreword (feat. Rex Orange County)
13%
GROUP B
13%
HEAVEN TO ME
13%
Hot Chocolate (feat. Jerry Paper)
13%
I Ain't Got Time!
13%
KEEP DA O'S (feat. Pharell Williams & Coco O.)
13%
Lights On (feat. Ryan Beatty & Santigold)
13%
LUMBERJACK
13%
Mommanem
13%
OKAGA, CA (feat. Alice Smith, Leon Ware & Clem Creevy)
13%
OKRA
13%
Parade
13%
Parking Lot (feat. Casey Veggies & Mike G)
13%
PILOT (feat. Sydney Bennet)
13%
Potato Salad (with A$AP Rocky)
13%
Pothole (feat. Jaden & Alexander Brettin)
13%
P.O.V. (with Clipse, Pusha T & Malice)
13%
RISE! (feat. DAISY WORLD)
13%
RUNITUP (feat. Teezo Touchdown)
13%
Rusty (feat. Domo Genesis & Earl Sweatshirt)
13%
Session (feat. Hodgy, Brandun DeShay & Mike G)
13%
2021 SIR BAUDELAIRE (feat. DJ Drama)
13%
Slater (feat. Frank Ocean)
13%
Slow It Down (feat. Hodgy)
13%
Sometimes...
13%
SORRY NOT SORRY
13%
STUNTMAN (feat. Vince Staples)
13%
Sucka Free
13%
T.D (with Lil Wayne, Tierra Whack & A$AP Rocky)
13%
Tell Me How (Coca-Cola Commercial)
13%
Tell Me What It Is
13%
THE BROWN STAINS OF DARKEESE LATIFAH PART 6-12 - Remix (feat. ScHoolboy Q)
13%
Thought I Was Dead (feat. ScHoolboy Q & Santigold)
13%
Tomorrow
13%
Trashwang (feat. Left Brain, Na-Kel Smith, Jasper, Taco, L-Boy, Lucas. & Lee Spielman)
13%
WHARF TALK (feat. A$AP Rocky)
13%
When Gloves Come Off (feat. Ryan Beatty)
13%
Who Dat Boy (feat. A$AP Rocky)
13%
2018 Whoville
13%
WILSHIRE
13%
YELLOW (feat. Kali Uchis)
13%
327 (with Westside Gunn, Joey Bada$$ & Billie Essco)
0%
After The Storm (with Kali Uchis & Bootsy Collins)
0%
Analog 2 (with Odd Future, Frank Ocean & Syd)
0%
Automatic Driver - Remix (with La Roux)
0%
BIG PERSONA (with Maxo Kream)
0%
Biking (with Frank Ocean & JAY-Z)
0%
Castaway (with Yuna)
0%
Come On, Let's Go (with Nigo)
0%
Cracc Era (with Maxo Kream)
0%
DTA (with Casey Veggies)
0%
FISHTAIL
0%
fuego (with Channel Tres)
0%
Girl 45 (Instrumental)
0%
GRAVITY (with Brent Faiyaz & Dahi)
0%
Hcapd (with Odd Future, Domo Genesis & Hodgy)
0%
Here We Go... Again (with The Weeknd)
0%
I Follow Rivers - Remix (with Lykke Li)
0%
I'm a Hater (with DJ Drama, Debo & Waka Flocka Flame)
0%
Interlude
0%
IN THE MOMENT (with Snoh Aalegra)
0%
Intro
0%
Jack and the Beanstalk
0%
Legendary (with DJ Drama)
0%
Lost and Found Freestyle 2019 (with A$AP Rocky & Nigo)
0%
MANIFESTO (feat. Domo Genesis)
0%
MOMMA TALK
0%
NEON PEACH (with Snoh Aalegra)
0%
No Idols (with Domo Genesis & The Alchemist)
0%
NOIZE (with Jaden)
0%
2012 NY (Ned Flander) (with Odd Future & Hodgy)
0%
2008 Odd Octubree (with brandUn DeShay & Casey Veggies)
0%
Oldie
0%
OPEN A WINDOW (with Rex Orange County)
0%
Rella (with Odd Future, Hodgy & Domo Genesis)
0%
RIP (with Casey Veggies)
0%
Rolling Papers (with Odd Future & Domo Genesis)
0%
Sam (Is Dead)
0%
Sam (Is Dead) (with Odd Future & Domo Genesis)
0%
Sasquatch (with Earl Sweatshirt)
0%
Something to Rap About (with Freddie Gibbs & The Alchemist)
0%
2016 Telephone Calls (with A$AP Mob, A$AP Rocky, Playboi Carti & Yung Gleesh)
0%
The Fly who couldn't Fly straight (with Westside Gunn)
0%
2014 The Purge (with ScHoolboy Q & Kurupt)
0%
Trouble on My Mind (with Pusha T)
0%
U Say (with GoldLink & Jay Prince)
0%
VIRGINIA Boy - Remix (with Pharrell Williams)
0%
We Got Bitches
0%
We Got Bitches (with Odd Future, Taco & Jasper Dolphin)
0%
Welcome Home Son (with Odd Future, Jet Age of Tomorrow & Casey Veggies)
0%
WHAT A DAY
0%
Whoa (with Earl Sweatshirt)
0%
No matching quizzes found
Score Distribution
Percent of People with Each Score
Percentile by Number Answered
Your Score History
You have not taken this quiz